| 000 | 00815nam a22002177a 4500 | ||
|---|---|---|---|
| 008 | 090205t xxu||||| |||| 00| 0 eng d | ||
| 010 | _aENG-92858 | ||
| 020 |
_c80.00 _a9788179662335 |
||
| 035 | _aEN-76391 | ||
| 037 | _bDBAD / PUB | ||
| 040 |
_adpl _bEnglish |
||
| 082 | _a398.9 | ||
| 100 | _aBalachandran, Mira | ||
| 245 |
_aProverbs: _cby Mira Balachandran _bexplained through stories / |
||
| 260 |
_aChennai _bEmerald Publishers _c2008 |
||
| 270 |
_a15A, First Floor, Casa Major Road, Egmore, _bChennai _e600008 |
||
| 300 |
_a106p.: _c22cm (pbk) _bill. |
||
| 650 | _aProverbs. | ||
| 942 |
_2ddc _cEN _mBAL _h398.9 |
||
| 999 |
_c23041 _d23041 |
||